Statistiques concernant Culture Générale - Série 1152

Cliquez ici pour prendre le quiz!

Statistiques générales

  • Ce quiz a été pris 39 fois
  • Le résultat moyen est 5 sur 10

Statistiques - réponses

QuestionRéponse% Correct
Qu'est-ce qui peut être de bain, de nuit ou phrygien ?bonnet
92%
Lequel des 5 sens est défaillant lorsqu'on est atteint d'anosmie ?odorat
78%
En 2009, quel Émirat arabe a fini de construire la plus haute tour du monde, qui culmine à 818 mètres ?Dubaï
68%
De quel D.R.O.M. dépendent Marie-Galante, la Désirade et les Saintes ?Guadeloupe
59%
Quel pays d'Afrique australe a pour capitale Gaborone ?Botswana
54%
A quel nom se rapporte l'adjectif "rabique" ?rage
46%
Quel est le nom de "L'Avare", de Molière ?Harpagon
46%
Quelle skieuse française, prénomée Carole, a remporté la Coupe du monde de super géant de 1989 à 1992 ?Carole Merle
27%
Quel est le nom du frère de Charlemagne qui hérite, avec lui, du royaume de leur père Pépin le Bref ?Carloman
19%
Quelle héroïne de Charlotte Brontë, Charlotte Gainsbourg a-t-elle incarné au cinéma en 1996 ?Jane Eyre
16%

Distribution des résultats

Percentile par nombre de réponses

% des personnes avec chaque résultat

Votre développement - résultats

Vous n’avez pas pris ce quiz